000 00995nam a2200229 i 4500
005 20221019110144.0
008 210111s2020 -uk gr 000 1 eng d
020 _a9781913102296
_cRM 46.50
_qpaperback
040 _aPPAK
_beng
_cPPAK
_erda
082 0 4 _a823.92
_223
090 0 0 _a823.92
_bMAL
_dG
100 1 _aMallinder, Kate,
_eauthor.
245 1 0 _aAsking for a friend /
_cKate Mallinder.
264 1 _aCardiff :
_bFirefly Press ,
_c2020.
300 _a266 pages ;
_c20 cm.
336 _atext
_2rdacontent
337 _aunmediated
_2rdamedia
338 _avolume
_2rdacarrier
520 _aA feel-good YA story about valuing the friends that value you. Agnes, Hattie and Jake travel on the school bus together but don't know each other well. They plan a week in Weston as a 'study break' before exams but none of them admit the real reasons they need to get away. Thrown together, what will happen when the secrets start to spill out?
650 1 0 _aFriendship
_vFiction.
942 _2ddc
_cB
999 _c181002
_d181002